Name all the characters in Cats the musical - Statistics

General Stats
  • This quiz has been taken 318 times
  • The average score is 18 of 37
Answer Stats
Hint Answer % Correct
R The Rum Tum Tugger
83%
M Mungojerrie
81%
V Victor
81%
R Rumpleteazer
80%
G Grizabella
79%
M Macavity
79%
M Mr Mistoffelees
74%
J Jennyanydots
70%
O Old Deuteronomy
70%
S Skimbleshanks
69%
A Asparagus
65%
B Bustopher Jones
62%
V Victoria
62%
B Bombalurina
61%
M Munkustrap
61%
D Demeter
60%
J Jemima
55%
J Jellyorum
54%
A Alonzo
48%
E Electra
44%
C Cassandra
38%
R Rumpus Cat
33%
C Coricopat
31%
G Growltiger
31%
P Pouncival
31%
P Plato
30%
E Etcetera
29%
G Griddlebone
29%
T Tantomile
29%
G George
27%
T Tumblebrutus
27%
E Exotica
26%
A Admetus
23%
B Bill Bailey
22%
C Carbucketty
16%
S Sillabub
11%
G Ghengis/Gilbert
8%
No matching quizzes found
Score Distribution
Percent of People with Each Score
Percentile by Number Answered
Your Score History
You have not taken this quiz